000
00342nam a2200133Ia 4500
008
240624s9999 xx 000 0 und d
041
_a
eng
082
_a
158.7 GOL
100
_a
GOLEMAN DANIEL
245
_a
WORKING WITH EMOTIONAL INTELLIGENCE
260
_c
1999
_a
New York
_b
Bantam Books
300
_a
xli, : 467 : p. : cm. ; 17
365
_c
999
_c
22802
_d
22802